000
00335nam a22001217a 4500
082
_a
345.5491 MAH
100
_a
Shaukat Mahmood
245
_a
The Pakistan Penal Code (XLV of 1860) Vol.1
260
_a
Lahore
_b
Legal Research Centre
_c
2015
300
_a
880p
942
_2
ddc
_c
BK
999
_c
540929
_d
540929